000 00321nam a2200133Ia 4500
008 240624s9999 xx 000 0 und d
041 _aeng
082 _a823 COO
100 _aCOOVADIA IMRAAN
245 _aHIGH LOW IN BETWEEN
260 _c2010
_aNew Delhi
_bHarperCollins India
300 _a268 : p.
365 _cRS
_b20
999 _c15865
_d15865